书目信息 |
| 题名: |
水的漫舞
|
|
| 作者: | 王唯工 著 | |
| 分册: | ||
| 出版信息: | 北京 中国人民大学出版社 2007.08 |
|
| 页数: | 119页 | |
| 开本: | 22cm | |
| 丛书名: | ||
| 单 册: | ||
| 中图分类: | R442.5 | |
| 科图分类: | ||
| 主题词: | 水肿--shui zhong--基本知识 | |
| 电子资源: | ||
| ISBN: | 978-7-300-08347-6 | |
| 000 | 00814nam0 2200241 450 | |
| 001 | 012008948500 | |
| 005 | 20080428181411.66 | |
| 010 | @a978-7-300-08347-6@b精装@dCNY25.00 | |
| 100 | @a20080428d2007 em y0chiy0120 ea | |
| 101 | 0 | @achi |
| 102 | @aCN@b110000 | |
| 105 | @aa z 000yy | |
| 106 | @ar | |
| 200 | 1 | @a水的漫舞@Ashui de man wu@f王唯工著@Fwang wei gong zhu |
| 210 | @a北京@c中国人民大学出版社@d2007.08 | |
| 215 | @a119页@c图@d22cm | |
| 306 | @a本书由台湾大块文化出版公司授权出版 | |
| 330 | @a本书以精简且逻辑清楚的方式,说明二氧化碳如何产生、堆积、如何形成几个不同阶段的水肿;并介绍了如何通过正确的饮食和运动消除水肿。 | |
| 606 | 0 | @a水肿@Ashui zhong@x基本知识 |
| 690 | @aR442.5@v4 | |
| 701 | 0 | @a王唯工@Awang wei gong@4著 |
| 801 | 0 | @aCN@bQSSK@c20080428 |
| 905 | @b298131-33@dR442.5@eW371@f3 | |
| 水的漫舞/王唯工著.-北京:中国人民大学出版社,2007.08 |
| 119页:图;22cm |
| ISBN 978-7-300-08347-6(精装):CNY25.00 |
| 本书以精简且逻辑清楚的方式,说明二氧化碳如何产生、堆积、如何形成几个不同阶段的水肿;并介绍了如何通过正确的饮食和运动消除水肿。 |
| ● |
| 相关链接 |
|
|
|
正题名:水的漫舞
索取号:R442.5/W371
 
预约/预借
| 序号 | 登录号 | 条形码 | 馆藏地/架位号 | 状态 | 备注 |
| 1 | 298131 | 202981318 | 自科库401/401自科库 16排4列2层/ [索取号:R442.5/W371] | 在馆 | |
| 2 | 298132 | 202981327 | 自科库401/ [索取号:R442.5/W371] | 在馆 | |
| 3 | 298133 | 202981336 | 自科库401/401自科库 16排4列2层/ [索取号:R442.5/W371] | 在馆 |